000 01144cam a2200373Ma 4500
001 101390
005 20230411085820.0
008 110114s2010 fr 000 0 fre d
035 _a(OCoLC)ocn718308359
040 _aRERO necfes
_bfre
_cCHRRO
020 _a9782847346343
020 _a2847346341
029 0 _aCHRRO
_bR005897040
035 _a(OCoLC)718308359
049 _aGRAL
050 1 4 _aR G 1046
_bV643d 2010
082 0 0 _a912
100 1 _aVictor, Jean-Christophe.
245 1 3 _aLe dessous des cartes :
_batlas junior /
_cJean-Christophe Victor, Dominique Fouchard, Catherine Barichnikoff.
260 _aParis :
_bTallandier,
_c2010.
300 _a111 p. :
_bill.
650 0 _aGeopolitics
_vMaps.
650 0 _aWorld politics
_vMaps.
650 0 _aCivilization
_xHistory
_vMaps.
650 0 _aHistorical geography
_vMaps.
650 6 _aGeopolitique
_vCartes.
650 6 _aPolitique mondiale
_vCartes.
650 6 _aCivilisation
_xHistoire
_vCartes.
650 6 _aGeographie historique
_vCartes.
700 1 _aFouchard, Dominique.
700 1 _aBarichnikoff, Catherine.
942 _2lcc
_cbk
994 _aC0
_bDRFGD
999 _c107770
_d107770